1056 1301 1625 1029 1962 1230 1610 1985 1358 1352 1683 1520 1117 2000 1308 1718 1259 1226 1458 1098 1961 1024 1863 1394 1902 1916 1993 1320 1142 1735 1449 1816 1472 1592 1297 1350 1019 1829 1383 1103 1969 1870 1455 1070 1508 1047 1257 1665 1905 1660 1949 1459 1383 1851 1511 1050 1972 1441 1109 1023 1317 1574 1934 1304 1497 1039 1973 1413 1788 1122 1216 1779 1093 1615 1731 1820 1710 1622 1634 1481 1890 1576 1020 1218 1251 1106 1514 1656 1103 1810 1909 1882 1023 1261 1430 1788 1264 1181 1352 BCNSPRNW ULIB Ver.6.0+V

เปลี่ยนเป็นภาษาไทย

Change to English
 แสดงรายละเอียดบรรณานุกรม
  กลับหน้าหลัก

Brief Record : Get Marc (ISO 2709) : E-mail record : QR code < ปิดหน้าต่าง
LEADER : 00000nam 2200000uu 4500
001    13399125778
003     ULIB
008    170831s2559||||th 000 0 tha d
020    ^a9786167902883
060    ^aWB143 ^bอ586
245    ^aอาการทางอายุรศาสตร์ =^bMedical Symptomatology/^cบรรณาธิการ,ธนกร ลักษณ์สมยา, อภิรัตน์ หวังธีระประเสริฐ, สุธาทิพย์ พงษ์เจริญ
246 0  ^aMedical Symptomatology.
250    ^aพิมพ์ครั้งที่2
260    ^aพิษณุโลก : ^bสำนักพิมพ์มหาวิทยาลัยนเรศวร,^c2559
300    ^a447 หน้า ;^c26 ซม.
650  0 ^aอายุรศาสตร์
700 0  ^aธนกร ลักษณ์สมยา,^eบรรณาธิการ
700 0  ^aอภิรัตน์ หวังธีระประเสริฐ,^eบรรณาธิการ
700 0  ^aสุธาทิพย์ พงษ์เจริญ,^eบรรณาธิการ
945    ^p0^l0^i003150
945    ^p0^l0^i003151
945    ^p0^l0^i003152
945    ^p0^l0^i003153
945    ^p0^l0^i003154
945    ^p0^l0^i003155
945    ^p0^l0^i003156
945    ^p0^l0^i003157
945    ^p0^l0^i003158
945    ^p0^l0^i003159
999    ^aประนอม เกษจรัล
รายการนี้ยังไม่มีแท็ก
คุณยังไม่ได้ล็อกอิน คุณสามารถมีกิจกรรมร่วมกับเว็บไซต์ได้ แต่ต้องล็อกอินก่อน ::
  ล็อกอิน

รายการสื่อสารสนเทศ

ลำดับที่ ประเภท เลขเรียก/บาร์โค้ด สถานที่ สถานะ
1. หนังสือสำรอง
หนังสือสำรอง
สถานะ=หนังสือเก่า
WB143 อ586 ฉ.1 
  Barcode: 003150
ห้องสมุดวิทยาเขตสวรรค์ประชารักษ์
►ส่วนจัดเก็บหนังสือเก่า สปร
บนชั้น
  ขอยืม
2. วิทยาศาสตร์การแพทย์ และสุขภาพ
วิทยาศาสตร์การแพทย์ และสุขภาพ
สถานะ=หนังสือเก่า
WB143 อ586 ฉ.10 
  Barcode: 003159
ห้องสมุดวิทยาเขตสวรรค์ประชารักษ์
►ส่วนจัดเก็บหนังสือเก่า สปร
บนชั้น
  ขอยืม
3. วิทยาศาสตร์การแพทย์ และสุขภาพ
วิทยาศาสตร์การแพทย์ และสุขภาพ
สถานะ=หนังสือเก่า
WB143 อ586 ฉ.2 
  Barcode: 003151
ห้องสมุดวิทยาเขตสวรรค์ประชารักษ์
►ส่วนจัดเก็บหนังสือเก่า สปร
บนชั้น
  ขอยืม
4. วิทยาศาสตร์การแพทย์ และสุขภาพ
วิทยาศาสตร์การแพทย์ และสุขภาพ
สถานะ=หนังสือเก่า
WB143 อ586 ฉ.3 
  Barcode: 003152
ห้องสมุดวิทยาเขตสวรรค์ประชารักษ์
►ส่วนจัดเก็บหนังสือเก่า สปร
บนชั้น
  ขอยืม
5. วิทยาศาสตร์การแพทย์ และสุขภาพ
วิทยาศาสตร์การแพทย์ และสุขภาพ
สถานะ=หนังสือเก่า
WB143 อ586 ฉ.4 
  Barcode: 003153
ห้องสมุดวิทยาเขตสวรรค์ประชารักษ์
►ส่วนจัดเก็บหนังสือเก่า สปร
บนชั้น
  ขอยืม
6. วิทยาศาสตร์การแพทย์ และสุขภาพ
วิทยาศาสตร์การแพทย์ และสุขภาพ
WB143 อ586 ฉ.5 
  Barcode: 003154
ห้องสมุดวิทยาเขตสวรรค์ประชารักษ์
►หนังสือทั่วไป
บนชั้น
7. วิทยาศาสตร์การแพทย์ และสุขภาพ
วิทยาศาสตร์การแพทย์ และสุขภาพ
สถานะ=หนังสือเก่า
WB143 อ586 ฉ.6 
  Barcode: 003155
ห้องสมุดวิทยาเขตสวรรค์ประชารักษ์
►ส่วนจัดเก็บหนังสือเก่า สปร
บนชั้น
  ขอยืม
8. วิทยาศาสตร์การแพทย์ และสุขภาพ
วิทยาศาสตร์การแพทย์ และสุขภาพ
สถานะ=หนังสือเก่า
WB143 อ586 ฉ.7 
  Barcode: 003156
ห้องสมุดวิทยาเขตสวรรค์ประชารักษ์
►ส่วนจัดเก็บหนังสือเก่า สปร
บนชั้น
  ขอยืม
9. วิทยาศาสตร์การแพทย์ และสุขภาพ
วิทยาศาสตร์การแพทย์ และสุขภาพ
สถานะ=หนังสือเก่า
WB143 อ586 ฉ.8 
  Barcode: 003157
ห้องสมุดวิทยาเขตสวรรค์ประชารักษ์
►ส่วนจัดเก็บหนังสือเก่า สปร
บนชั้น
  ขอยืม
10. วิทยาศาสตร์การแพทย์ และสุขภาพ
วิทยาศาสตร์การแพทย์ และสุขภาพ
สถานะ=หนังสือเก่า
WB143 อ586 ฉ.9 
  Barcode: 003158
ห้องสมุดวิทยาเขตสวรรค์ประชารักษ์
►ส่วนจัดเก็บหนังสือเก่า สปร
บนชั้น
  ขอยืม

รายการใกล้เคียง
    หัวเรื่อง [อายุรศาสตร์]

BibComment


ยังไม่เคยถูกคอมเมนท์

คอมเมนท์ทรัพยากรรายการนี้
  คอมเมนท์: อาการทางอายุรศาส..


 Copyright 2026. Bcnsprnw @Library